000 00927cam a22001935a 4500
001 L138218
008 070522e2007 xxk f 000 0 eng d
035 _a(Sirsi) u138218
041 0 _aeng
100 1 _aAl-Khatib, Luay
245 0 0 _aRICS response to IVSC restructuring proposal
_h[electronic resource]
260 _aLondon
_bRICS
_c2007
520 _aDiscusses RICS policy in supporting the creation of a single set of high quality international valuation standards and in recognising IVSC as the body best placed to produce these. Discusses RICS? concerns with the detail of some of the proposals, and how these may evolve in practice.
590 _aKA
651 4 _aInternational
690 _aABOUT RICS-RELATED ORGANISATIONS-INTERNATIONAL VALUATION STANDARDS COMMITTEE
856 4 0 _uhttps://www.rics.org/RICSWEB/getpage.aspx?p=xldHG5GGuESiqy3ARukXoQ
_zView the item free of charge at www.rics.org...
942 _n0
999 _c107067
_d107067